00630nam a2200217 4500003000400000005001700004008004100021020001800062040001800080041000800098050001700106100003200123245005800155264006200213300003500275336002200310337002400332338002400356942001500380999001700395OSt20260530115259.0260507b2008 fi a|||| |||| 00| 0 eng d a9789515582577 aICIbspacICI aeng aNK2115b.B361 aBello, Paula,eautor92936310aGoodscapes : bglobal design processes /cPaula Bello 1aFinlandia :bUniversity of Art and Design Helsinki,c2008 a240 páginas :bilustraciones atexto2rdacontent asin medio2rdamedia avolumen2rdacarrier 2lcccBKn1 c12775d12775